Every 100,000+ city in China: Hubei - Statistics

General Stats
  • This quiz has been taken 5 times
  • The average score is 27 of 73
Answer Stats
Letter Population City % Correct
W 15,704,153 Wuhan
100%
C 237,066 Chibi
67%
E 487,188 Enshi
67%
E 1,116,094 Ezhou
67%
J 1,007,457 Jingmen
67%
J 1,207,595 Jingzhou
67%
Q 502,954 Qianjiang
67%
S 910,014 Shiyan
67%
T 410,895 Tianmen
67%
X 2,561,800 Xiangyang
67%
X 862,115 Xianning
67%
X 831,406 Xiantao
67%
A 326,017 Anlu
33%
B 110,056 Badong
33%
D 215,350 Dangyang
33%
D 196,061 Danjiangkou
33%
D 262,210 Dawu
33%
F 167,033 Fang
33%
G 130,307 Guangshui
33%
G 127,098 Gucheng
33%
H 135,880 Hanchuan
33%
H 106,324 Hefeng
33%
H 145,765 Hong'an
33%
H 186,069 Honghu
33%
H 580,033 Huanggang
33%
H 243,596 Huangmei
33%
H 120,591 Huangpi
33%
H 747,012 Huangshi
33%
J 115,043 Jiangling
33%
J 165,226 Jiayu
33%
J 416,203 Jingshan
33%
L 250,060 Laifeng
33%
L 282,707 Laohekou
33%
L 228,605 Lichuan
33%
L 111,990 Luotian
33%
M 392,790 Macheng
33%
N 142,076 Nanzhang
33%
Q 138,501 Qichun
33%
R 133,159 Rongcheng
33%
S 158,343 Shayang
33%
S 173,808 Shishou
33%
S 517,409 Suizhou
33%
T 305,751 Tongcheng
33%
T 103,667 Tuanfeng
33%
W 258,380 Wuxue
33%
X 119,468 Xianfeng
33%
X 301,227 Xiaochang
33%
X 1,091,303 Xiaogan
33%
X 103,102 Xiaoting
33%
X 140,075 Xingguo
33%
X 222,980 Xinjiangkou
33%
X 163,444 Xinzhou
33%
X 153,073 Xishui
33%
X 101,130 Xuanen
33%
Y 1,449,057 Yichang
33%
Y 266,175 Yicheng
33%
Y 210,090 Yidu
33%
Y 190,699 Yingcheng
33%
Y 113,041 Yingshan
33%
Y 104,573 Yuan'An
33%
Y 150,404 Yunmeng
33%
Y 124,776 Yunxi
33%
Y 100,430 Yunyang
33%
Z 202,401 Zaoyang
33%
Z 195,010 Zhijiang
33%
Z 431,105 Zhongxiang
33%
Z 101,885 Zigui
33%
D 254,701 Douhudi
0%
M 100,216 Makou
0%
T 275,630 Tiancheng
0%
T 161,399 Tongyang
0%
X 109,085 Xiaochi
0%
Z 105,392 Zhuxi
0%
No matching quizzes found
Score Distribution
Percent of People with Each Score
Percentile by Number Answered
Your Score History
You have not taken this quiz